Goya grabador (Record no. 4736)
[ view plain ]
| 000 -CABECERA | |
|---|---|
| campo de control de longitud fija | 00764nam a2200241 a 4500 |
| 001 - NÚMERO DE CONTROL | |
| campo de control | BRCA_5042 |
| 005 - FECHA Y HORA DE LA ÚLTIMA TRANSACCIÓN | |
| campo de control | 20190320204921.0 |
| 008 - DATOS DE LONGITUD FIJA--INFORMACIÓN GENERAL | |
| campo de control de longitud fija | 051110s1918----sp-a######---#000-0#spa-# |
| 041 ## - CÓDIGO DE LENGUA | |
| Código de lengua del texto/banda sonora o título independiente | spa |
| 044 ## - CÓDIGO DEL PAÍS DE LA ENTIDAD EDITORA/PRODUCTORA | |
| Código MARC del país | sp |
| 050 #4 - SIGNATURA TOPOGRÁFICA DE LA BIBLIOTECA DEL CONGRESO | |
| Número de clasificación | NE702.G6 |
| Número de documento/Ítem | .B47 1918 |
| 100 1# - ENTRADA PRINCIPAL--NOMBRE DE PERSONA | |
| Nombre de persona | Beruete y Moret, Aureliano de |
| Fechas asociadas al nombre | 1876-1922 |
| 9 (RLIN) | 7763 |
| 245 10 - MENCIÓN DE TÍTULO | |
| Título | Goya grabador |
| Mención de responsabilidad, etc. | A. de Beruete y Moret. |
| 260 ## - PUBLICACIÓN, DISTRIBUCIÓN, ETC. | |
| Lugar de publicación, distribución, etc. | Madrid |
| Nombre del editor, distribuidor, etc. | Blass y Cía |
| Fecha de publicación, distribución, etc. | 1918 |
| 300 ## - DESCRIPCIÓN FÍSICA | |
| Extensión | ix, 166 p. |
| Otras características físicas | il., 97 láminas |
| Dimensiones | 28 cm. |
| 500 ## - NOTA GENERAL | |
| Nota general | Tomo 3: Continuación de Goya, pintor de retratos y Goya, composiciones y figuras |
| 500 ## - NOTA GENERAL | |
| Nota general | D126 |
| 600 14 - PUNTO DE ACCESO ADICIONAL DE MATERIA--NOMBRE DE PERSONA | |
| Nombre de persona | Goya y Lucientes, Francisco José de |
| Fechas asociadas al nombre | 1746-1828 |
| 9 (RLIN) | 11075 |
| 650 14 - PUNTO DE ACCESO ADICIONAL DE MATERIA--TÉRMINO DE MATERIA | |
| Término de materia o nombre geográfico como elemento de entrada | Grabados españoles |
| 9 (RLIN) | 7986 |
| 650 14 - PUNTO DE ACCESO ADICIONAL DE MATERIA--TÉRMINO DE MATERIA | |
| Término de materia o nombre geográfico como elemento de entrada | Grabadores españoles |
| 9 (RLIN) | 7740 |
| 902 ## - CATALOGADOR | |
| Iniciales | GFM |
| 942 ## - ELEMENTOS DE PUNTO DE ACCESO ADICIONAL (KOHA) | |
| Fuente del sistema de clasificación o colocación | Library of Congress Classification |
| Tipo de ítem Koha | Libros |
| Estado de retiro | Estado de pérdida | Estado dañado | No para préstamo | Localización permanente | Ubicación/localización actual | Fecha de adquisición | Número de inventario | Total de préstamos | Signatura topográfica completa | Código de barras | Fecha visto por última vez | Precio válido a partir de | Tipo de ítem Koha |
|---|---|---|---|---|---|---|---|---|---|---|---|---|---|
| El ejemplar forma parte de la colección y puede ser consultado según las políticas vigentes. | Biblioteca del Museo Franz Mayer (Rogerio Casas-Alatriste) | Biblioteca del Museo Franz Mayer (Rogerio Casas-Alatriste) | 05/11/2010 | D126 | NE702.G6 .B47 1918 (D126) | 5153 | 22/03/2019 | 22/03/2019 | Libros |